000 00626nam a22002417a 4500
003 UA-OsUOA
001 107297
007 ta
008 20140722b un ||||| |||| 00| 0 ukr d
100 _aСтасенко А. Л.
090 _a533.6
_bС77
942 _cBK
040 _aUA-OsUOA
_brus
_cUA-OsUOA
_dUA-OsUOA
245 _aФизика полета
300 _a142 с.
955 _a2
041 _arus
080 _a533.6
020 _a5-02-013882-7
260 _aМ.
_bНаука
_c1988
650 7 _a533 Механіка газів. Аеромеханіка. Фізика плазми
_2UDC
999 _c393136
_d393136